LIBRARY ONLINE CATALOGUE

Statistical methods (Record no. 16312)

MARC details
000 -LEADER
fixed length control field 00559nam a22001817a 4500
008 - FIXED-LENGTH DATA ELEMENTS--GENERAL INFORMATION
fixed length control field 170217b xxu||||| |||| 00| 0 eng d
020 ## - INTERNATIONAL STANDARD BOOK NUMBER
International Standard Book Number 0813815616
040 ## - CATALOGING SOURCE
Original cataloging agency KABU
Transcribing agency KABU
050 ## - LIBRARY OF CONGRESS CALL NUMBER
Classification number QA276.12
Item number .S64 1989 C.1
100 ## - MAIN ENTRY--PERSONAL NAME
Personal name Snedecor, George W.
245 ## - TITLE STATEMENT
Title Statistical methods
Statement of responsibility, etc. by George W. Snedecor and awilliam G. Cochran
250 ## - EDITION STATEMENT
Edition statement 8th ed.
260 ## - PUBLICATION, DISTRIBUTION, ETC. (IMPRINT)
Place of publication, distribution, etc. UK
Name of publisher, distributor, etc. Lowa state university press
Date of publication, distribution, etc. 1989
300 ## - PHYSICAL DESCRIPTION
Extent xix, 503 p.
650 ## - SUBJECT ADDED ENTRY--TOPICAL TERM
Topical term or geographic name as entry element Statistics
700 ## - ADDED ENTRY--PERSONAL NAME
Personal name Cochran, William G.
942 ## - ADDED ENTRY ELEMENTS (KOHA)
Source of classification or shelving scheme Library of Congress Classification
Koha item type General Collection
Edition 8 th ed.
Classification part QA276.12
Call number prefix .S64 1989 C.1
Holdings
Withdrawn status Lost status Source of classification or shelving scheme Not for loan Home library Current library Shelving location Date acquired Cost, normal purchase price Total Checkouts Full call number Barcode Date last seen Copy number Price effective from Koha item type
    Library of Congress Classification   Kabarak, Main Campus Kabarak, Main Campus General Stacks 17/02/2017 0.00   QA276.12 .S64 1989 C.1 027276 17/02/2017 C.1 17/02/2017 General Collection